skbl

Dr Suryya Kumar Bhuyan Library Web-OPAC
ডঃ সূৰ্য্য
কুমাৰ ভূঞা পুথিভঁৰাল ৱেব-অ'পেক

All Research Scholars are advised to clear the annual library fees to continue using Library Resources, Remote Access, Plagiarism Test and Library Clearance.

Cotton University Book Fair 2026

The Men Who Killed Gandhi (Record no. 59188)

MARC details
000 -LEADER
fixed length control field 00459nam a2200169Ia 4500
001 - CONTROL NUMBER
control field 59307
008 - FIXED-LENGTH DATA ELEMENTS--GENERAL INFORMATION
fixed length control field 151106n ii |||gr||||Z||||||465
020 ## - INTERNATIONAL STANDARD BOOK NUMBER
International Standard Book Number 978-81-7436-617-7
082 ## - DEWEY DECIMAL CLASSIFICATION NUMBER
Classification number 364.1524
100 ## - MAIN ENTRY--PERSONAL NAME
Personal name Malgonkar,
Relator term Manohar.
245 #0 - TITLE STATEMENT
Title The Men Who Killed Gandhi
Statement of responsibility, etc. Manohar Malgonkar
Medium Textual Documents
260 ## - PUBLICATION, DISTRIBUTION, ETC.
Place of publication, distribution, etc. New Delhi:
Name of publisher, distributor, etc. Roli Books.
300 ## - PHYSICAL DESCRIPTION
Extent 354p:
Dimensions 22cm.
653 ## - INDEX TERM--UNCONTROLLED
Uncontrolled term The Men Who Killed Gandhi
653 ## - INDEX TERM--UNCONTROLLED
Uncontrolled term G - Eco
942 ## - ADDED ENTRY ELEMENTS (KOHA)
Source of classification or shelving scheme Dewey Decimal Classification
Koha item type Books
Holdings
Withdrawn status Lost status Damaged status Not for loan Collection Home library Current library Shelving location Date acquired Coded location qualifier Cost, normal purchase price Total checkouts Full call number Barcode Date last seen Copy number Price effective from Koha item type
          Dr. Suryya Kumar Bhuyan Library Dr. Suryya Kumar Bhuyan Library   06/11/2015 00000 475.00   364.1524 Ma294Me 293/Lib 14/01/2024 1 06/11/2015 Books

Designed and Maintained by Team SKBL
©1901-2026

Powered by Koha